000 00837nam a2200229Ii 4500
003 JO-AjNU
008 230605s9999||||xx |||||||||||||| ||und||
017 _a2012/5/1547
020 _a978-9957-06-923-0
040 _aJO-AjNU
_bara
_erda
_cJO-AjNU
041 _aara
050 1 4 _aDS38.5 2013
100 3 _aالنبراوي، فتحية عبدالفتاح ,
_eauthor
_960876
245 0 0 _aتاريخ الدولة الاموية(41-132هـ/661-750مـ)= THE HISTORY OF THE UMAYYAD
250 _aط1
264 3 1 _aعمان: دار المسيرة للنشر والتوزيع والطباعة، 2013
300 _a352ص
336 _atext
_btxt
_2rdacontent
337 _aunmediated
_bn
_2rdamedia
338 _avolume
_bnc
_2rdacarrier
650 4 _aالامويون-التاريخ العربي-التاريخ الاسلامي
_960877
999 _aA27482
_c31050
_d31050